000 00423nam a2200133Ia 4500
008 220204s9999 xx 000 0 und d
020 _a817188380X
082 _a338.43.01
_bSTA.10
100 _aRao, V M
245 0 _aState of the Indian farmer: A millennium study. 27 vols + CD.V.10. Rainfed agriculture
260 _aNew Delhi
_bAcademic Foundation
_c2004
650 _aAgricultural productivity improvement
942 _cBK
999 _c42332
_d42332